000 00553nam a2200193Ia 4500
003 OSt
005 20251223112948.0
008 220923b |||||||| |||| 00| 0 ben d
037 _cTB
040 _aARTS
_cARTS
_bben
041 _2ben
_aben
084 _aO157,1NMA3x M9
_qAL
100 _aMajumdar Jogindranath
_9211030
245 0 _aUttar brajangana kavya Uttar birangana kavya
260 _c1989
650 _aBENGALI LITERATURE
_9858921
942 _hO157,1NMA3x, M9
_cTB
_2CC
_n0
999 _c443023
_d443023